Normal view
MARC view
- BIOGRAPHY-QUAID-E-EAZAM
Entry Topical Term
001 - CONTROL NUMBER
- control field: 63363
003 - CONTROL NUMBER IDENTIFIER
- control field: NUST
005 - DATE AND TIME OF LATEST TRANSACTION
- control field: 20210628203116.0
008 - FIXED-LENGTH DATA ELEMENTS
- fixed length control field: 210628|| aca||aabn | a|a d
040 ## - CATALOGING SOURCE
- Original cataloging agency: NUST
- Transcribing agency: NUST
150 ## - HEADING--TOPICAL TERM
- Topical term or geographic name entry element: BIOGRAPHY-QUAID-E-EAZAM
670 ## - SOURCE DATA FOUND
- Source citation: Work cat.: (NUST): Jafri, Raise Ahmed 63362, Quaid-i-azam aur un ka ehad, hayait muhmmad ali jinnah, 2006
